000 00599nam a22002057a 4500
999 _c20684
_d20684
003 AR-CdUCM
008 190423b ||||| |||| 00| 0 spa d
040 _aMUNICIPALIDAD PROVINCIAL DEL CUSCO
_cBIBLIOTECA MUNICIPAL DEL CUSCO
082 _aPI / 803.08 /
_bP51
110 _aPhidal publishing
_932928
245 _aCachorros en la niebla /
260 _aMéxico :
_bPublished,
_c2017.
300 _a18 cm.
_cIlustrado
440 _aPaw Patrol
_nNickelodeon
_943233
505 _aContenido : Cuento.
650 _aCuento
_94671
650 _aInfantil
_96210
942 _2ddc
_cLIBROS
945 _arcc